Integrated Electronics (Record no. 5069)

MARC details
000 -LEADER
fixed length control field 00336nam a2200145Ia 4500
008 - FIXED-LENGTH DATA ELEMENTS--GENERAL INFORMATION
fixed length control field 191201s2011 xx 000 0 und d
082 ## - DEWEY DECIMAL CLASSIFICATION NUMBER
Classification number 621.38215
Item number MII
100 ## - MAIN ENTRY--PERSONAL NAME
Personal name MILLMAN, jacob
245 #0 - TITLE STATEMENT
Title Integrated Electronics
250 ## - EDITION STATEMENT
Edition statement Rep
260 ## - PUBLICATION, DISTRIBUTION, ETC. (IMPRINT)
Place of publication, distribution, etc N. Delhi
Name of publisher, distributor, etc TMH
Date of publication, distribution, etc 2011
300 ## - PHYSICAL DESCRIPTION
Extent 858
650 ## - SUBJECT ADDED ENTRY--TOPICAL TERM
Topical term or geographic name as entry element M.Tech (ECE)
942 ## - ADDED ENTRY ELEMENTS (KOHA)
Source of classification or shelving scheme Dewey Decimal Classification
Koha item type Text Books
Holdings
Withdrawn status Lost status Source of classification or shelving scheme Damaged status Not for loan Collection code Home library Current library Date acquired Source of acquisition Cost, normal purchase price Bill Number Total Checkouts Full call number Acc. no. / Barcode Date last seen Bill Date Koha item type Checked out Date last borrowed
    Dewey Decimal Classification     B.Tech(ECE) PIET C-LIBRARY PIET C-LIBRARY 22/11/2011 Valley Book House 410.00 251   621.38215 MII 18518 11/04/2024 09/11/2011 Text Books    
    Dewey Decimal Classification     B.Tech(ECE) PIET C-LIBRARY PIET C-LIBRARY 22/11/2011 Valley Book House 410.00 251   621.38215 MII 18519 04/12/2019 09/11/2011 Text Books    
    Dewey Decimal Classification     B.Tech(ECE) PIET C-LIBRARY PIET C-LIBRARY 22/11/2011 Valley Book House 410.00 251   621.38215 MII 18520 04/12/2019 09/11/2011 Text Books    
    Dewey Decimal Classification     B.Tech(ECE) PIET C-LIBRARY PIET C-LIBRARY 22/11/2011 Valley Book House 410.00 251 1 621.38215 MII 18521 20/01/2022 09/11/2011 Text Books 19/07/2022 20/01/2022
    Dewey Decimal Classification     B.Tech(ECE) PIET C-LIBRARY PIET C-LIBRARY 22/11/2011 Valley Book House 410.00 251   621.38215 MII 18522 04/12/2019 09/11/2011 Text Books    

Design & Developed by: PIET Central Library
R70 Miles Stone Pattikalyana Samalkha Panipat 132102
mail ID :- [email protected], Phone No:- 0180-2569700 Ex.216